000
00274nam a22001337a 4500
020
_a
978-0-19-846575-1
082
_a
823
_b
HUN/R
100
_a
HUNT, RODERICK
245
_a
RED PLANET
260
_a
USA
_b
OXFORD
300
_a
32
650
_a
ENGLISH SHORT STORY
942
_c
BK
999
_c
3274
_d
3274